| 000 | 02201na a2200493 4500 | ||
|---|---|---|---|
| 001 | 19673 | ||
| 003 | MIRAKIL | ||
| 005 | 20181213155116.0 | ||
| 008 | 170126b tu 000 0 | ||
| 035 | _a19673 | ||
| 040 |
_aMilas _btur _cTR-AnCHP |
||
| 041 | _atur | ||
| 082 |
_aCHP 324.2372 _bC36e 2011 |
||
| 090 | _aBROŞÜR 88 | ||
| 110 | _aCumhuriyet Halk Partisi (CHP) | ||
| 222 | _aEkonomi programı | ||
| 240 | _aHerkes için CHP | ||
| 245 |
_aİnsan ve üretim odaklı yeni ekonomi _bHerkes için üretim herkes için zenginlik _cCHP |
||
| 246 | _aİnsan ve üretim odaklı yeni ekonomi | ||
| 246 | _aHerkes için üretim herkes için zenginlik | ||
| 260 |
_aAnkara _bCHP _c2011 |
||
| 300 |
_a188 s. _brnkl. grf. _c21 sm. |
||
| 440 |
_aCumhuriyet Halk Partisi yayınları _pProgramlar _pHerkes için CHP |
||
| 500 | _aAra kapakta adı : Türkiye rahat bir nefes alacak | ||
| 500 | _aDış kapakta yapıt adı : Cumhuriyetin 100. yılına doğru insan ve üretim odaklı yeni ekonomi : Herkes için yeni ekonomi | ||
| 505 | _aPotansiyel üretimi artırmak: insan ve üretim odaklı yaklaşım - Makroekonomik politikaların büyüme odaklı olarak yeniden oluşturulması - Yeni sosyal koruma anlayışı | ||
| 600 |
_aKılıçdaroğlu, Kemal _xPropaganda ve ideolojiler _yEkonomi politkaları |
||
| 600 |
_aKılıçdaroğlu, Kemal _cCHP Genel Başkanı _xSeçim kampanyaları, 2011 _yEkonomi politkaları |
||
| 610 |
_aCHP _xSeçim kampanyaları, 2011 _yEkonomi politkaları |
||
| 610 |
_aCHP _xPropaganda ve ideolojiler _yGenel seçimler, 2011 |
||
| 610 |
_aCHP _xSiyaset ve yönetim _yKılıçdaroğlu dönemi |
||
| 651 |
_aTürkiye _xSiyaset ve yönetim _y2010-2014 |
||
| 657 | _aCHP ekonomi programları | ||
| 657 | _aCHP seçim propagandaları | ||
| 657 | _aCHP seçim kampanyaları | ||
| 657 | _aHerkes için CHP kampanyası | ||
| 740 | _aTürkiye rahat bir nefes alacak | ||
| 740 | _aCumhuriyetin 100. yılına doğru insan ve üretim odaklı yeni ekonomi : Herkes için yeni ekonomi | ||
| 740 | _aHerkes için yeni ekonomi | ||
| 740 | _aİnsan ve üretim odaklı yeni ekonomi | ||
| 830 | _aCHP programları | ||
| 942 |
_2ddc _cBKS |
||
| 999 |
_c6699 _d6699 |
||